| 000 | 00429nam a2200169 i 4500 | ||
|---|---|---|---|
| 001 | 140771 | ||
| 003 | ES-MaACL | ||
| 005 | 20230906200141.0 | ||
| 007 | t| | ||
| 008 | 070917s1967 sp ||||1| spa d | ||
| 080 | _a86-14"19" | ||
| 100 | 1 |
_aBrin, J. _931744 |
|
| 245 | 1 | 0 |
_aMedina de la noche / _cA. Yebli (seud.). |
| 260 |
_aMadrid : _bInsula, _c1967. |
||
| 300 |
_a58 p. ; _c21 cm. |
||
| 852 |
_aES-MaACL _jC-31873 _bR.62274 |
||
| 999 |
_c140771 _d140771 |
||